| 000 | 00734cam a2200217 4500500 | ||
|---|---|---|---|
| 005 | 20260111080424.0 | ||
| 041 | _afre | ||
| 042 | _adc | ||
| 100 | 1 | 0 |
_aDucharme, Théo _eauthor |
| 245 | 0 | 0 | _aLes participations financières de l’État et la crise du Covid-19 |
| 260 | _c2020. | ||
| 500 | _a92 | ||
| 690 | _aaéroports de Paris | ||
| 690 | _abudget de l’État | ||
| 690 | _acompte d’affectation spéciale | ||
| 690 | _acovid-19 | ||
| 690 | _anationalisation | ||
| 690 | _aparticipations financières | ||
| 786 | 0 | _nGestion & Finances Publiques | 4 | 4 | 2020-09-21 | p. 4-9 | 1969-1009 | |
| 856 | 4 | 1 | _uhttps://droit.cairn.info/revue-gestion-et-finances-publiques-2020-4-page-4?lang=fr&redirect-ssocas=7080 |
| 999 |
_c1616295 _d1616295 |
||